[Event "Forcing Moves First Spring-3 Section 1"]
[Site "Mississauga CAN"]
[Date "2023.06.24"]
[Round "2.1"]
[White "Li, William"]
[Black "Furrow, Matthew"]
[Result "1-0"]
[WhiteElo "2285"]
[BlackElo "1825"]
[PlyCount "61"]
[EventDate "2023.06.24"]
[EventType "swiss"]
[EventRounds "5"]
[EventCountry "CAN"]

1. d4 Nf6 2. c4 g6 3. f3 d5 4. cxd5 Nxd5 5. e4 Nb6 6. Nc3 Bg7 7. Be3 O-O 8. Qd2
Re8 9. O-O-O a6 10. h4 h5 11. g4 Kh7 12. gxh5 gxh5 13. Bd3 e5 14. dxe5 Nc6 15.
Nd5 Nxe5 16. Bg5 Qd6 17. Bc2 Nxd5 18. exd5+ Kh8 19. f4 Ng6 20. f5 Ne5 21. Qe2
Kg8 22. Qxh5 Nc4 23. f6 Bxf6 24. Qh7+ Kf8 25. Bh6+ Ke7 26. Qe4+ Ne5 27. Rf1 Kd8
28. Rxf6 Nd3+ 29. Qxd3 Re1+ 30. Kd2 Qb4+ 31. Qc3 1-0

[Event "Forcing Moves First Spring-3 Section 1"]
[Site "Mississauga CAN"]
[Date "2023.06.24"]
[Round "2.2"]
[White "Sreekumar, Gauri"]
[Black "Zuniga, Dante"]
[Result "1/2-1/2"]
[WhiteElo "1560"]
[BlackElo "2281"]
[PlyCount "66"]
[EventDate "2023.06.24"]
[EventType "swiss"]
[EventRounds "5"]
[EventCountry "CAN"]

1. d4 d5 2. c4 Bf5 3. Nc3 e6 4. Qb3 Nc6 5. cxd5 exd5 6. Nf3 Nb4 7. e4 dxe4 8.
Ng5 Qd7 9. Bc4 Nh6 10. O-O O-O-O 11. Ngxe4 Bxe4 12. Nxe4 Qxd4 13. Nc3 Ng4 14.
Bxf7 Nxf2 15. Qe6+ Kb8 16. Be3 Qg4 17. Bxf2 Qxe6 18. Bxe6 Nd3 19. Bh4 Bc5+ 20.
Kh1 Rde8 21. Bf7 Re5 22. Na4 Bd6 23. Bg3 Re2 24. Bxd6 cxd6 25. Rad1 Nf2+ 26.
Kg1 Nxd1 27. Rxd1 b5 28. Nc3 Rxb2 29. Rxd6 Rf8 30. Rd7 b4 31. Nd1 Rc2 32. Bb3
Rc7 33. Rd5 Re8 1/2-1/2

[Event "Forcing Moves First Spring-3 Section 1"]
[Site "Mississauga CAN"]
[Date "2023.06.24"]
[Round "2.3"]
[White "Moon, Ethan"]
[Black "Vijendra, Vinushan"]
[Result "1-0"]
[WhiteElo "2132"]
[BlackElo "1706"]
[PlyCount "85"]
[EventDate "2023.06.24"]
[EventType "swiss"]
[EventRounds "5"]
[EventCountry "CAN"]

1. d4 d5 2. Nf3 Bg4 3. e3 Nf6 4. Be2 e6 5. O-O Nbd7 6. b3 Bd6 7. Bb2 O-O 8.
Nbd2 Qe7 9. c4 c6 10. h3 Bh5 11. Ne5 Bxe2 12. Qxe2 Ne8 13. e4 Rd8 14. Nef3 Nc7
15. a3 Bf4 16. Rfe1 Rfe8 17. Bc3 Nf8 18. Bb4 Qd7 19. e5 dxc4 20. bxc4 Na6 21.
Ne4 Ng6 22. Nd6 Rf8 23. Rab1 Rb8 24. Ne4 Rfd8 25. Bd6 Ra8 26. Rb3 b6 27. g3 Bh6
28. Reb1 Nc7 29. a4 Ne8 30. c5 f5 31. Neg5 Bxg5 32. Nxg5 h6 33. Qh5 Nf8 34. Nf3
Nc7 35. cxb6 axb6 36. Rxb6 Rxa4 37. Rb7 Rc8 38. g4 Raa8 39. gxf5 exf5 40. Nh4
Nfe6 41. Nxf5 Qe8 42. Qg4 Rab8 43. Bxc7 1-0

[Event "Forcing Moves First Spring-3 Section 1"]
[Site "Mississauga CAN"]
[Date "2023.06.24"]
[Round "2.6"]
[White "Xie, Irene"]
[Black "Patil, Tanishq"]
[Result "1-0"]
[WhiteElo "1750"]
[BlackElo "1504"]
[PlyCount "67"]
[EventDate "2023.06.24"]
[EventType "swiss"]
[EventRounds "5"]
[EventCountry "CAN"]

1. e4 c5 2. Nf3 d6 3. Bb5+ Nd7 4. O-O Ngf6 5. d3 e6 6. b3 Be7 7. Bb2 O-O 8.
Bxd7 Bxd7 9. Nc3 Bc6 10. Nd2 b5 11. f4 b4 12. Ne2 a5 13. a4 d5 14. Ng3 dxe4 15.
dxe4 Qd7 16. Qe2 Rfd8 17. Nc4 Qb7 18. Rae1 h6 19. Rf3 Ne8 20. Nf1 Bh4 21. g3
Bf6 22. Bxf6 Nxf6 23. Nfd2 Rd4 24. Re3 Rdd8 25. g4 Qa7 26. Rf1 Ne8 27. h4 Nd6
28. g5 Nxc4 29. Nxc4 hxg5 30. hxg5 g6 31. Qh2 Kg7 32. Qh6+ Kg8 33. Rh3 Qe7 34.
Qh8# 1-0

[Event "Forcing Moves First Spring-3 Section 1"]
[Site "Mississauga CAN"]
[Date "2023.06.24"]
[Round "2.7"]
[White "Cabioc, Jose"]
[Black "Liu, Zeyu"]
[Result "0-1"]
[WhiteElo "1519"]
[BlackElo "1488"]
[PlyCount "61"]
[EventDate "2023.06.24"]
[EventType "swiss"]
[EventRounds "5"]
[EventCountry "CAN"]

1. e4 c5 2. Nf3 a6 3. d4 cxd4 4. Nxd4 Nf6 5. Nc3 e5 6. Nb3 Bb4 7. Bc4 Bxc3+ 8.
bxc3 Qc7 9. Qd3 b5 10. Bd5 Nxd5 11. exd5 d6 12. O-O O-O 13. f4 Nd7 14. h4 Bb7
15. Be3 Rad8 16. a4 bxa4 17. Rxa4 Nb6 18. Bxb6 Qxb6+ 19. Kh1 Qb5 20. Qxb5 axb5
21. Rb4 Bxd5 22. Rd1 Bc4 23. fxe5 dxe5 24. g3 Rfe8 25. Rxd8 Rxd8 26. Kg1 Rd1+
27. Kf2 f5 28. Na5 Rd2+ 29. Kg1 Rxc2 30. Nxc4 bxc4 31. Rxc4 0-1

[Event "Forcing Moves First Spring-3 Section 1"]
[Site "Mississauga CAN"]
[Date "2023.06.24"]
[Round "2.9"]
[White "Deshpande, Sarthak"]
[Black "Deepak, Laksshana"]
[Result "1-0"]
[WhiteElo "1705"]
[BlackElo "1660"]
[PlyCount "108"]
[EventDate "2023.06.24"]
[EventType "swiss"]
[EventRounds "5"]
[EventCountry "CAN"]

1. d4 Nf6 2. c4 g6 3. Nc3 d5 4. cxd5 Nxd5 5. Bd2 Bg7 6. e4 Nxc3 7. Bxc3 O-O 8.
Qd2 b6 9. Rc1 f5 10. e5 Be6 11. b3 c5 12. dxc5 bxc5 13. Qxd8 Rxd8 14. Nf3 Nd7
15. Bb5 Rab8 16. Be2 Bd5 17. Bc4 e6 18. O-O Re8 19. Rfd1 Nb6 20. Bxd5 Nxd5 21.
Bb2 Bf8 22. Ba3 Nf4 23. Kf1 Red8 24. Rxd8 Rxd8 25. g3 Nd3 26. Rd1 Rd5 27. Ke2
Nb4 28. Bxb4 cxb4 29. Rxd5 exd5 30. Ng5 Be7 31. Ne6 a5 32. Nf4 Kf7 33. Nxd5 Bc5
34. Ne3 Be7 35. Kd3 Ke6 36. f4 Bd8 37. Nc4 Kd5 38. Nd6 h5 39. Ne8 Be7 40. Nf6+
Kc5 41. Ng8 Bf8 42. e6 Kd6 43. e7 Bxe7 44. Nxe7 Kxe7 45. Kc4 Ke6 46. Kb5 Kd5
47. Kxa5 Ke4 48. Kxb4 Kf3 49. a4 Kg2 50. a5 Kxh2 51. a6 Kxg3 52. a7 h4 53. a8=Q
h3 54. Qh1 h2 1-0

[Event "Forcing Moves First Spring-3 Section 1"]
[Site "Mississauga CAN"]
[Date "2023.06.24"]
[Round "2.10"]
[White "Pillai, Karma"]
[Black "Desai, Kahan"]
[Result "0-1"]
[WhiteElo "1500"]
[BlackElo "1695"]
[PlyCount "48"]
[EventDate "2023.06.24"]
[EventType "swiss"]
[EventRounds "5"]
[EventCountry "CAN"]

1. d4 Nf6 2. c4 e6 3. Nc3 Bb4 4. Bd2 c5 5. e3 b6 6. a3 Bxc3 7. Bxc3 Ne4 8. Qc2
Bb7 9. dxc5 Nxc5 10. b4 Be4 11. Qd1 Nb7 12. f3 Bf5 13. Bxg7 Rg8 14. Bc3 Qh4+
15. Ke2 Qxc4+ 16. Kd2 Qc7 17. e4 Bg6 18. Qe2 Nc6 19. h4 h5 20. Rd1 Rc8 21. Qe3
Ne5 22. Bxe5 Qxe5 23. Ne2 d5 24. exd5 Rc2+ 0-1

[Event "Forcing Moves First Spring-3 Section 1"]
[Site "Mississauga CAN"]
[Date "2023.06.24"]
[Round "2.11"]
[White "Sanal Kumar, Nikul"]
[Black "Bi, William"]
[Result "1-0"]
[WhiteElo "1677"]
[BlackElo "1500"]
[PlyCount "79"]
[EventDate "2023.06.24"]
[EventType "swiss"]
[EventRounds "5"]
[EventCountry "CAN"]

1. e4 e5 2. d4 exd4 3. c3 d3 4. Bxd3 Nc6 5. Nf3 Bc5 6. O-O d6 7. Re1 Bg4 8. Bf4
Qf6 9. Bg5 Qe6 10. Nbd2 Ne5 11. Qa4+ c6 12. Nxe5 Qxe5 13. Bh4 g5 14. Bg3 Qe6
15. b4 Bb6 16. Nc4 Bc7 17. e5 d5 18. Nd6+ Kf8 19. Nxb7 h5 20. h4 Ne7 21. Nd6
Rg8 22. hxg5 Qd7 23. Qc2 Bxd6 24. exd6 Nf5 25. Bxf5 Bxf5 26. Qd2 Be6 27. Qd4
Qd8 28. g6 Rxg6 29. Qh8+ Rg8 30. Qh6+ Ke8 31. Rxe6+ fxe6 32. Qxe6+ Kf8 33. Qf5+
Kg7 34. Re1 Re8 35. Be5+ Kh6 36. Re3 h4 37. Bf6 Rg8 38. Bxd8 Raxd8 39. Re6+ Kg7
40. Rf6 1-0

[Event "Forcing Moves First Spring-3 Section 1"]
[Site "Mississauga CAN"]
[Date "2023.06.24"]
[Round "3.1"]
[White "Miaco, Trifelino"]
[Black "Li, William"]
[Result "0-1"]
[WhiteElo "1947"]
[BlackElo "2285"]
[PlyCount "44"]
[EventDate "2023.06.24"]
[EventType "swiss"]
[EventRounds "5"]
[EventCountry "CAN"]

1. b3 c5 2. Bb2 Nf6 3. e3 d6 4. f4 Nc6 5. Nf3 g6 6. Be2 Bg7 7. O-O O-O 8. c4
Bf5 9. a3 e5 10. fxe5 Ng4 11. h3 Ngxe5 12. Nxe5 Nxe5 13. d4 Nc6 14. Bf3 Qg5 15.
Kf2 cxd4 16. exd4 Nxd4 17. Nc3 Nxf3 18. Kxf3 Rae8 19. Re1 Qh5+ 20. Kf2 Qh4+ 21.
Kf1 Bd4 22. Re2 Rxe2 0-1

[Event "Forcing Moves First Spring-3 Section 1"]
[Site "Mississauga CAN"]
[Date "2023.06.24"]
[Round "3.3"]
[White "Zuniga, Dante"]
[Black "Xie, Irene"]
[Result "1-0"]
[WhiteElo "2281"]
[BlackElo "1750"]
[PlyCount "99"]
[EventDate "2023.06.24"]
[EventType "swiss"]
[EventRounds "5"]
[EventCountry "CAN"]

1. d4 e6 2. c4 d5 3. Nc3 Nf6 4. cxd5 exd5 5. Bf4 Bd6 6. Bxd6 Qxd6 7. e3 c6 8.
Bd3 Bg4 9. Qc2 Nbd7 10. h3 Bh5 11. Nge2 Bg6 12. Ng3 Nh5 13. Nf5 Bxf5 14. Bxf5
g6 15. Bd3 Ng7 16. O-O f5 17. b4 O-O 18. b5 Ne6 19. bxc6 bxc6 20. Rfd1 Nf6 21.
Rab1 Rab8 22. Qa4 Qd7 23. Rb3 Rb6 24. Rdb1 Rfb8 25. Ra3 R8b7 26. Rab3 Rb8 27.
Qa3 Ne4 28. Na4 Rxb3 29. Rxb3 Rxb3 30. Qxb3 Qc7 31. Bxe4 fxe4 32. Nc5 Nxc5 33.
dxc5 h6 34. a4 Qc8 35. Qb2 Kf7 36. Qe5 g5 37. Qd6 Qb7 38. Qxh6 Qb1+ 39. Kh2
Qb8+ 40. g3 Qb2 41. Qh5+ Kf8 42. Kg2 Qf6 43. Qg4 Kf7 44. Qd7+ Kg6 45. Qd6 Qxd6
46. cxd6 Kf7 47. h4 gxh4 48. gxh4 c5 49. h5 c4 50. Kf1 1-0

[Event "Forcing Moves First Spring-3 Section 1"]
[Site "Mississauga CAN"]
[Date "2023.06.24"]
[Round "3.4"]
[White "Liu, Zeyu"]
[Black "Brajkovic, Nikola"]
[Result "0-1"]
[WhiteElo "1488"]
[BlackElo "1705"]
[PlyCount "58"]
[EventDate "2023.06.24"]
[EventType "swiss"]
[EventRounds "5"]
[EventCountry "CAN"]

1. d4 Nf6 2. Nc3 g6 3. e4 d6 4. Bf4 Bg7 5. Qd2 h6 6. O-O-O c6 7. f3 Nbd7 8. e5
dxe5 9. dxe5 Nh5 10. e6 fxe6 11. Bc4 Qa5 12. Bxe6 Nxf4 13. Bxd7+ Bxd7 14. Qxd7+
Kf7 15. Qd2 g5 16. Kb1 Rhd8 17. Qc1 Bxc3 18. bxc3 Qxc3 19. g3 Rxd1 20. Qxd1 Ne6
21. Ne2 Qb4+ 22. Ka1 Rd8 23. Qe1 Rd2 24. f4 Nc5 25. fxg5 Na4 26. Qb1 Qxb1+ 27.
Kxb1 Rxe2 28. gxh6 Kg6 29. h4 Kxh6 0-1

[Event "Forcing Moves First Spring-3 Section 1"]
[Site "Mississauga CAN"]
[Date "2023.06.24"]
[Round "3.5"]
[White "Furrow, Matthew"]
[Black "Sreekumar, Gauri"]
[Result "1/2-1/2"]
[WhiteElo "1825"]
[BlackElo "1560"]
[PlyCount "46"]
[EventDate "2023.06.24"]
[EventType "swiss"]
[EventRounds "5"]
[EventCountry "CAN"]

1. d4 Nf6 2. c4 g6 3. g3 Bg7 4. Bg2 d6 5. Nf3 O-O 6. O-O c5 7. Nc3 Na6 8. Re1
Bd7 9. e4 cxd4 10. Nxd4 Qc7 11. b3 Nb4 12. Nd5 Nfxd5 13. exd5 Bxd4 14. Qxd4 Nc2
15. Qc3 Nxe1 16. Bh6 f6 17. Bxf8 Kxf8 18. Rxe1 b5 19. Qe3 Re8 20. Qh6+ Kg8 21.
cxb5 Bxb5 22. h4 Qa5 23. Re4 Qxa2 1/2-1/2

[Event "Forcing Moves First Spring-3 Section 1"]
[Site "Mississauga CAN"]
[Date "2023.06.24"]
[Round "3.6"]
[White "Vijendra, Vinushan"]
[Black "Dembla, Shabd"]
[Result "1-0"]
[WhiteElo "1706"]
[BlackElo "1501"]
[PlyCount "103"]
[EventDate "2023.06.24"]
[EventType "swiss"]
[EventRounds "5"]
[EventCountry "CAN"]

1. d4 Nf6 2. c4 e6 3. Nf3 d5 4. Nbd2 Bb4 5. a3 Bxd2+ 6. Bxd2 O-O 7. e3 b6 8.
Rc1 Bb7 9. Ne5 Nbd7 10. cxd5 Bxd5 11. Qc2 c5 12. Nxd7 Nxd7 13. b4 cxd4 14. Bd3
f5 15. exd4 Nf6 16. O-O Qd7 17. Ba6 Bb7 18. Bxb7 Qxb7 19. Qc6 Qxc6 20. Rxc6
Rfe8 21. Re1 Kf7 22. b5 Rad8 23. Rc4 e5 24. Rc7+ Kg6 25. Rxa7 Rxd4 26. Be3 Rd6
27. Rb7 Ree6 28. f3 f4 29. Bc1 Rd5 30. a4 Rd7 31. Rxd7 Nxd7 32. Bxf4 Nc5 33.
Rxe5 Rxe5 34. Bxe5 Nxa4 35. Bd4 Kf7 36. Kf2 g6 37. Ke3 Ke6 38. Ke4 h5 39. g4 h4
40. f4 h3 41. f5+ Kf7 42. Kd5 Nc5 43. Bxc5 bxc5 44. b6 gxf5 45. b7 fxg4 46.
b8=Q c4 47. Kxc4 Kg6 48. Qg3 Kf5 49. Kd5 Kg5 50. Ke6 Kh5 51. Kf6 Kh6 52. Qh4#
1-0

[Event "Forcing Moves First Spring-3 Section 1"]
[Site "Mississauga CAN"]
[Date "2023.06.24"]
[Round "3.7"]
[White "Uyanik, Mehmet"]
[Black "Deshpande, Sarthak"]
[Result "0-1"]
[WhiteElo "1488"]
[BlackElo "1705"]
[PlyCount "64"]
[EventDate "2023.06.24"]
[EventType "swiss"]
[EventRounds "5"]
[EventCountry "CAN"]

1. e4 c6 2. d4 d5 3. e5 Bf5 4. f4 e6 5. Nf3 Nd7 6. Bd3 Ne7 7. O-O Qb6 8. a4 a5
9. Ra3 Bxd3 10. Rxd3 c5 11. Na3 Nf5 12. c3 c4 13. Rd2 Ne3 14. Qe1 Nxf1 15. Kxf1
Bxa3 16. bxa3 Qc6 17. Rb2 Nb6 18. Qg3 Rg8 19. Ng5 h6 20. Nh7 O-O-O 21. Rb5 Nxa4
22. Rxa5 Rh8 23. f5 b6 24. Rxa4 Qxa4 25. Ke1 Qc2 26. fxe6 fxe6 27. Bf4 Qxh7 28.
Qg4 Qf5 29. Qf3 g5 30. g4 Qxf4 31. Qd1 Qe3+ 32. Kf1 Rhf8+ 0-1

[Event "Forcing Moves First Spring-3 Section 1"]
[Site "Mississauga CAN"]
[Date "2023.06.24"]
[Round "3.9"]
[White "Desai, Kahan"]
[Black "Nazareno, Merlin"]
[Result "0-1"]
[WhiteElo "1695"]
[BlackElo "2039"]
[PlyCount "138"]
[EventDate "2023.06.24"]
[EventType "swiss"]
[EventRounds "5"]
[EventCountry "CAN"]

1. Nf3 Nc6 2. d4 d5 3. c4 e6 4. Bf4 Bb4+ 5. Nc3 Nf6 6. e3 Ne4 7. Qc2 g5 8. Bg3
h5 9. Bd3 h4 10. Be5 f6 11. Bxe4 dxe4 12. Qxe4 fxe5 13. Qg6+ Kf8 14. Nxg5 Qd7
15. O-O-O Bxc3 16. bxc3 Qg7 17. Nxe6+ Bxe6 18. Qxe6 Rh6 19. Qd5 Rd8 20. Qc5+
Qe7 21. Qxe7+ Kxe7 22. d5 Na5 23. c5 Rf8 24. Rhf1 Rhf6 25. Rd2 Nc4 26. Re2 e4
27. Kc2 Ne5 28. f4 exf3 29. gxf3 Rxf3 30. Rb1 b6 31. d6+ Kd7 32. dxc7 Kxc7 33.
Rb5 Kc6 34. a4 Rf2 35. Rxf2 Rxf2+ 36. Kb3 bxc5 37. Ra5 Rb2+ 38. Kxb2 Nc4+ 39.
Kc2 Nxa5 40. Kd3 Kd6 41. e4 Ke5 42. Ke3 Nc4+ 43. Kf3 Nd2+ 44. Kg4 Nxe4 45. Kxh4
Nxc3 46. Kg4 Ne4 47. Kf3 Ng5+ 48. Ke3 Nh3 49. Kd3 Kd5 50. Kc3 a5 51. Kd3 c4+
52. Kc3 Kc5 53. Kc2 Kb4 54. Kb2 Kxa4 55. Kc3 Kb5 56. Kc2 Kb4 57. Kb2 a4 58. Ka2
a3 59. Kb1 Kb3 60. Ka1 c3 61. Kb1 c2+ 62. Kc1 a2 63. Kd2 c1=Q+ 64. Ke2 Qc4+ 65.
Kd2 Qc3+ 66. Ke2 Kc4 67. Kf1 a1=Q+ 68. Kg2 Qab2+ 69. Kf1 Qcc1# 0-1

[Event "Forcing Moves First Spring-3 Section 1"]
[Site "Mississauga CAN"]
[Date "2023.06.24"]
[Round "3.11"]
[White "Deepak, Laksshana"]
[Black "Pillai, Karma"]
[Result "1-0"]
[WhiteElo "1660"]
[BlackElo "1500"]
[PlyCount "71"]
[EventDate "2023.06.24"]
[EventType "swiss"]
[EventRounds "5"]
[EventCountry "CAN"]

1. e4 e5 2. Nf3 Nc6 3. Nc3 Bc5 4. Nxe5 Nxe5 5. d4 Bd6 6. dxe5 Bxe5 7. Bd2 d6 8.
f4 Bf6 9. Bd3 Bh4+ 10. g3 Bf6 11. Qe2 c6 12. O-O-O Nh6 13. h3 Qe7 14. g4 g5 15.
f5 Ng8 16. Rde1 h6 17. Nd1 Bd7 18. Bc3 O-O-O 19. Qf2 Bxc3 20. Nxc3 Kb8 21. h4
f6 22. Ref1 Rf8 23. Bc4 a6 24. Qb6 Qd8 25. Qd4 Qe7 26. hxg5 c5 27. gxf6 Nxf6
28. Qd1 Nxe4 29. Nxe4 Qxe4 30. Qxd6+ Kc8 31. Qxc5+ Bc6 32. Rxh6 Qxg4 33. Rxc6+
bxc6 34. Qxc6+ Kd8 35. Qd6+ Kc8 36. Bxa6# 1-0

[Event "Forcing Moves First Spring-3 Section 1"]
[Site "Mississauga CAN"]
[Date "2023.06.25"]
[Round "4.1"]
[White "Li, William"]
[Black "Moon, Ethan"]
[Result "0-1"]
[WhiteElo "2285"]
[BlackElo "2132"]
[PlyCount "140"]
[EventDate "2023.06.24"]
[EventType "swiss"]
[EventRounds "5"]
[EventCountry "CAN"]

1. e4 d5 2. exd5 Qxd5 3. Nc3 Qa5 4. d4 Nf6 5. Nf3 Nc6 6. Bc4 Bg4 7. d5 O-O-O 8.
O-O e6 9. h3 Bh5 10. Bd2 exd5 11. Nxd5 Rxd5 12. Bxa5 Rxd1 13. Raxd1 Nxa5 14.
Be2 Bc5 15. Rfe1 Ne4 16. Nd4 Bxe2 17. Rxe2 Bxd4 18. Rxd4 Nd6 19. b3 Nc6 20. Rg4
g6 21. c4 f5 22. Rg3 b6 23. Rd3 Kd7 24. f3 Re8 25. Red2 Re1+ 26. Kf2 Ra1 27. c5
bxc5 28. Rc3 Nb4 29. Rxc5 Rxa2 30. Rxa2 Nd3+ 31. Ke3 Nxc5 32. b4 Ne6 33. Rxa7
f4+ 34. Kf2 g5 35. Ra8 Nc8 36. b5 h5 37. Ra1 h4 38. Rd1+ Nd6 39. Rd5 Ke7 40.
Ke1 Nc4 41. Kf2 Ne3 42. Rd2 Nc5 43. Rd4 Ke6 44. Rd8 Ke5 45. Rg8 Ne6 46. Rb8 Nc4
47. Rb7 Kd5 48. Rb8 Nb6 49. Re8 Nd7 50. Ra8 Ndc5 51. Rb8 Nd7 52. Re8 Ndf8 53.
Rb8 Kc5 54. Kg1 Nd7 55. Re8 Nef8 56. Rc8 Kb6 57. Kf2 Nh7 58. Rg8 Kxb5 59. Rg7
Nhf8 60. Rxg5+ c5 61. Rg4 Ne6 62. Rxh4 c4 63. Ke1 Kb4 64. Kd1 Kb3 65. Rh6 Ndc5
66. Rh8 c3 67. Rb8+ Kc4 68. Rc8 Kd3 69. Rb8 c2+ 70. Kc1 Nd4 0-1

[Event "Forcing Moves First Spring-3 Section 1"]
[Site "Mississauga CAN"]
[Date "2023.06.25"]
[Round "4.2"]
[White "Brajkovic, Nikola"]
[Black "Zuniga, Dante"]
[Result "0-1"]
[WhiteElo "1994"]
[BlackElo "2281"]
[PlyCount "81"]
[EventDate "2023.06.24"]
[EventType "swiss"]
[EventRounds "5"]
[EventCountry "CAN"]

1. e4 e5 2. Bc4 Nf6 3. Nc3 Nxe4 4. Bxf7+ Kxf7 5. Nxe4 d5 6. Qf3+ Kg8 7. Qb3 Nc6
8. Ne2 b6 9. N4g3 h5 10. h4 Be6 11. a3 Be7 12. Qc3 Qd6 13. d4 Nxd4 14. Nxd4
exd4 15. Qxd4 Bf6 16. Qd3 Re8 17. Ne2 Qd7 18. Kd1 Bf5 19. Qb3 c5 20. Bg5 c4 21.
Qb4 Bxc2+ 22. Kd2 Qg4 23. Rae1 Bxg5+ 24. hxg5 Bd3 25. Nc1 Qxg5+ 26. Kd1 Rxe1+
27. Qxe1 Bg6 28. g3 Kh7 29. Rh4 Qf5 30. Qd2 Re8 31. Rf4 Qe5 32. Ne2 Bd3 33. Ng1
Kg8 34. Nh3 b5 35. Rh4 Bf5 36. Ng5 Bg4+ 37. f3 Qf5 38. Kc1 d4 39. Rh2 Re3 40.
f4 c3 41. Qxd4 0-1

[Event "Forcing Moves First Spring-3 Section 1"]
[Site "Mississauga CAN"]
[Date "2023.06.25"]
[Round "4.3"]
[White "Deshpande, Sarthak"]
[Black "Miaco, Trifelino"]
[Result "1-0"]
[WhiteElo "1705"]
[BlackElo "1947"]
[PlyCount "69"]
[EventDate "2023.06.24"]
[EventType "swiss"]
[EventRounds "5"]
[EventCountry "CAN"]

1. d4 b6 2. e4 Bb7 3. Bd3 Nf6 4. Nd2 Nc6 5. Ngf3 Nb4 6. Qe2 d5 7. e5 Nxd3+ 8.
Qxd3 Ne4 9. O-O e6 10. Re1 Nxd2 11. Bxd2 Be7 12. a4 a5 13. c3 Ba6 14. Qc2 c5
15. Rab1 Rc8 16. Be3 h6 17. Qd2 g5 18. h3 Kd7 19. Nh2 h5 20. Rbd1 g4 21. hxg4
hxg4 22. Bf4 Qg8 23. Qe3 Qh7 24. Qd2 Rcg8 25. Qe3 Bg5 26. dxc5 Bxf4 27. Qxf4 g3
28. fxg3 Qxh2+ 29. Kf2 Qh7 30. cxb6 Kc6 31. b4 Qf5 32. Qxf5 exf5 33. b5+ Kxb6
34. bxa6 Rd8 35. e6 1-0

[Event "Forcing Moves First Spring-3 Section 1"]
[Site "Mississauga CAN"]
[Date "2023.06.25"]
[Round "4.4"]
[White "Sreekumar, Gauri"]
[Black "Vijendra, Vinushan"]
[Result "0-1"]
[WhiteElo "1560"]
[BlackElo "1706"]
[PlyCount "68"]
[EventDate "2023.06.24"]
[EventType "swiss"]
[EventRounds "5"]
[EventCountry "CAN"]

1. d4 Nf6 2. c4 e5 3. dxe5 Ng4 4. e4 Nxe5 5. f4 Ng6 6. Nf3 Bb4+ 7. Bd2 Qe7 8.
Be2 Nxf4 9. O-O Bc5+ 10. Kh1 Ne6 11. Nc3 c6 12. Ne5 O-O 13. Qe1 Nd4 14. Qg3
Nxe2 15. Nxe2 f6 16. Ng4 d5 17. e5 Bxg4 18. Qxg4 Nd7 19. cxd5 Nxe5 20. Qe4 Rad8
21. Be3 cxd5 22. Bxc5 Qxc5 23. Qf5 Qc8 24. Qf4 Qg4 25. Qd2 Nc4 26. Rf4 Qxg2+
27. Kxg2 Nxd2 28. Rd4 Nc4 29. Nf4 Ne3+ 30. Kf3 Nc2 31. Rdd1 Nxa1 32. Ne6 Nc2
33. Nxf8 Kxf8 34. Rd2 Nb4 0-1

[Event "Forcing Moves First Spring-3 Section 1"]
[Site "Mississauga CAN"]
[Date "2023.06.25"]
[Round "4.6"]
[White "Nazareno, Merlin"]
[Black "Liu, Zeyu"]
[Result "1-0"]
[WhiteElo "2039"]
[BlackElo "1488"]
[PlyCount "47"]
[EventDate "2023.06.24"]
[EventType "swiss"]
[EventRounds "5"]
[EventCountry "CAN"]

1. d4 Nf6 2. Nc3 e6 3. e4 c5 4. d5 exd5 5. e5 Qe7 6. Qe2 Ne4 7. Nxd5 Qxe5 8. c4
Bd6 9. Bf4 Qe6 10. Bxd6 Qxd6 11. Qxe4+ Kf8 12. O-O-O Nc6 13. Nf3 b6 14. g4 Bb7
15. Nxb6 Nb4 16. Qxb7 Nxa2+ 17. Kc2 Nb4+ 18. Kc3 Qxd1 19. Nxd7+ Ke8 20. Qxa8+
Kxd7 21. Qxa7+ Kd8 22. Qb8+ Kd7 23. Qb7+ Ke8 24. Qc8+ 1-0

[Event "Forcing Moves First Spring-3 Section 1"]
[Site "Mississauga CAN"]
[Date "2023.06.25"]
[Round "4.7"]
[White "Xie, Irene"]
[Black "Furrow, Matthew"]
[Result "1-0"]
[WhiteElo "1750"]
[BlackElo "1825"]
[PlyCount "115"]
[EventDate "2023.06.24"]
[EventType "swiss"]
[EventRounds "5"]
[EventCountry "CAN"]

1. e4 c5 2. Nf3 Nc6 3. Bb5 e6 4. Bxc6 bxc6 5. Nc3 d5 6. d3 Ne7 7. O-O Ng6 8.
Ne2 Ba6 9. Nd2 Bd6 10. f4 f5 11. e5 Bc7 12. c4 O-O 13. Qc2 Rb8 14. b3 Qe7 15.
Ba3 Ba5 16. Nf3 Bb4 17. Bb2 Rfd8 18. Rfd1 Nh4 19. Nxh4 Qxh4 20. Bc3 Qe7 21. g3
d4 22. Be1 Bc8 23. Kg2 Bd7 24. Bxb4 cxb4 25. Nxd4 c5 26. Nf3 Bc6 27. Kf2 Bxf3
28. Kxf3 Rd4 29. h4 Rbd8 30. a3 Qc7 31. axb4 cxb4 32. c5 R8d5 33. c6 a5 34.
Rac1 Kf7 35. Ke3 Qb6 36. Ke2 Qc7 37. Qd2 h6 38. Qe3 Rd8 39. Rc5 R4d5 40. Rdc1
g6 41. Rxd5 Rxd5 42. Rc5 Ke7 43. Rxd5 exd5 44. Qc5+ Ke6 45. d4 a4 46. bxa4 b3
47. Kd2 b2 48. Kc2 Qb8 49. Qd6+ Qxd6 50. exd6 b1=Q+ 51. Kxb1 Kxd6 52. Kb2 Kxc6
53. Kb3 Kb6 54. Kb4 h5 55. a5+ Ka6 56. Kc5 Kxa5 57. Kxd5 Kb6 58. Kd6 1-0

[Event "Forcing Moves First Spring-3 Section 1"]
[Site "Mississauga CAN"]
[Date "2023.06.25"]
[Round "4.9"]
[White "Bi, William"]
[Black "Desai, Kahan"]
[Result "0-1"]
[WhiteElo "1500"]
[BlackElo "1695"]
[PlyCount "94"]
[EventDate "2023.06.24"]
[EventType "swiss"]
[EventRounds "5"]
[EventCountry "CAN"]

1. e4 e5 2. Nf3 Nf6 3. Nc3 Bb4 4. Nxe5 O-O 5. Nf3 Re8 6. Be2 Nxe4 7. O-O d5 8.
a3 Ba5 9. b4 Bb6 10. Na4 Bg4 11. Nxb6 axb6 12. Bb2 c5 13. Nd4 Bxe2 14. Nxe2 d4
15. Ng3 Na6 16. Nxe4 Rxe4 17. Qf3 Qe7 18. b5 Nc7 19. d3 Re2 20. Qxb7 Re8 21.
Rac1 Qd6 22. Qc6 Qxc6 23. bxc6 Nd5 24. Ba1 Rd2 25. Rfd1 Rxd1+ 26. Rxd1 Rc8 27.
Re1 Kf8 28. Re5 Re8 29. Rxe8+ Kxe8 30. Kf1 Kd8 31. Ke1 Kc7 32. Kd2 Kxc6 33. c3
dxc3+ 34. Bxc3 Nxc3 35. Kxc3 b5 36. Kb3 Kd5 37. Kc3 h5 38. h4 b4+ 39. axb4
cxb4+ 40. Kxb4 Kd4 41. Kb5 Kxd3 42. Kc6 Ke2 43. f4 Kf2 44. Kd7 Kxg2 45. Ke7 Kg3
46. f5 Kxh4 47. Kxf7 Kg5 0-1

[Event "Forcing Moves First Spring-3 Section 1"]
[Site "Mississauga CAN"]
[Date "2023.06.25"]
[Round "4.10"]
[White "Uyanik, Mehmet"]
[Black "Deepak, Laksshana"]
[Result "0-1"]
[WhiteElo "1488"]
[BlackElo "1660"]
[PlyCount "56"]
[EventDate "2023.06.24"]
[EventType "swiss"]
[EventRounds "5"]
[EventCountry "CAN"]

1. e4 c5 2. Nf3 d6 3. Bc4 e6 4. Bb3 Nf6 5. Nc3 Nc6 6. d4 cxd4 7. Nxd4 a6 8. Bg5
Be7 9. Qd2 h6 10. Bh4 Nxe4 11. Nxe4 Bxh4 12. Nxc6 bxc6 13. Nxd6+ Ke7 14. O-O-O
Qb6 15. Nxc8+ Rhxc8 16. Qd6+ Ke8 17. Rhe1 Be7 18. Qd7+ Kf8 19. Rxe6 fxe6 20.
Qxe6 Bg5+ 21. Kb1 Qxf2 22. Qg8+ Ke7 23. Qxg7+ Ke8 24. Qd7+ Kf8 25. Qd6+ Kg7 26.
Qd7+ Kh8 27. Qe6 Rd8 28. Rh1 Re8 0-1

[Event "Forcing Moves First Spring-3 Section 1"]
[Site "Mississauga CAN"]
[Date "2023.06.25"]
[Round "5.1"]
[White "Moon, Ethan"]
[Black "Zuniga, Dante"]
[Result "1-0"]
[WhiteElo "2132"]
[BlackElo "2281"]
[PlyCount "61"]
[EventDate "2023.06.24"]
[EventType "swiss"]
[EventRounds "5"]
[EventCountry "CAN"]

1. d4 d5 2. Nf3 Nf6 3. e3 Bf5 4. Be2 e6 5. b3 c5 6. Bb2 Nc6 7. a3 h6 8. Nbd2
Be7 9. O-O O-O 10. c4 Ne4 11. Nxe4 Bxe4 12. Ne5 Nxe5 13. dxe5 dxc4 14. Bxc4
Qxd1 15. Rfxd1 Rfd8 16. Be2 Bc2 17. Rxd8+ Rxd8 18. Bc4 a6 19. a4 b5 20. axb5
axb5 21. Bxb5 Bxb3 22. Bc3 c4 23. g3 Rd3 24. Bd4 Rd2 25. Ra8+ Kh7 26. Rc8 Rc2
27. Be8 Bb4 28. Rb8 Be1 29. Bxf7 Rxf2 30. Bxe6 Bc2 31. Rb2 1-0